| 000 | 00964nas a2200277 4500 | ||
|---|---|---|---|
| 001 | BR0807799 | ||
| 003 | BR-BrBNA | ||
| 005 | 20231205112734.0 | ||
| 007 | ta | ||
| 008 | 230509b bl.|||p| |||| 00| 00por d | ||
| 040 |
_aBR-BrBNA _bpor _cBiblioteca Nacional de Agricultura |
||
| 041 | _a(Pt) | ||
| 072 | _aL73 | ||
| 100 | 1 | _aKasai, N. | |
| 100 | 1 | _aGennari, S.M. | |
| 100 | 1 | _aNishi, S.M. | |
| 100 | 1 | _aGiagomo, J.P. di | |
| 245 | 1 | _aEficácia e persistência da associação de cipermetrina 4,5 + mais DDVP 50 (Ectofarma)no controle do Boophilus microplus e de larvas de Dermatobia hominis em bovinos leiteiros, mestiços, naturalmente infectados | |
| 650 | _aBOVINO | ||
| 650 | _aDOENÇA ANIMAL | ||
| 650 | _aCARRAPO | ||
| 650 | _aLARVA | ||
| 773 | 0 |
_tBrazilian Journal of Veterinary Research and Animal Science (Brazil) _xISSN 1413-9596 _g(1997), v. 34(1) p. 44-47 _wBR0807799 |
|
| 909 |
_a202311 _bLúcia _c55 _dLúcia Elande |
||
| 942 |
_2AGRIS _n0 _cANA |
||
| 999 |
_c199688 _d199688 |
||